Arbeits-und Lebensweise der Leiter Analysen, Probleme, Hinweise
Gespeichert in:
| 1. Verfasser: | |
|---|---|
| Format: | Buch |
| Sprache: | Deutsch |
| Veröffentlicht: |
Berlin
Wirtschaft
1981
|
| Tags: |
Keine Tags, Fügen Sie das erste Tag hinzu!
|
MARC
| LEADER | 00000nam a2200000 4500 | ||
|---|---|---|---|
| 001 | c129338 | ||
| 005 | 20041019155246.0 | ||
| 041 | 0 | |a ger | |
| 044 | |a DE | ||
| 245 | 1 | 0 | |a Arbeits-und Lebensweise der Leiter |b Analysen, Probleme, Hinweise |c Klaus Ladensack |
| 264 | 1 | |a Berlin |b Wirtschaft |c 1981 | |
| 300 | |a 464 s. | ||
| 100 | 1 | |a Ladensack, Klaus | |